Word Ladder: Famous Michaels Quiz Stats

 Plays Quiz Updated Oct 19, 2012

Support Sporcle.
Go Orange.
Score 0/46 Timer 04:00
0 Plays Today
Hint 4-Letter Word % Correct
Hair on a lion's headMANE
93.2%
What a postman carriesMAIL
92.6%
Central part of a fruitCORE
92.5%
Citizen of the United KingdomBRIT
92.4%
An adult female horseMARE
92.1%
Ill-mannered, immature childBRAT
92.1%
MaizeCORN
91.5%
Jagger of 'The Rolling Stones'MICK
91.4%
A pennyCENT
89.6%
To feel concern or interestCARE
89%
Curved or crookedBENT
87.9%
Soft, meltable French cheeseBRIE
87.5%
Prolonged cry of griefWAIL
87.2%
Principal or primaryMAIN
85.9%
Where wheat becomes flourMILL
85.4%
Tarzan might swing from thisVINE
85.3%
An herb for picklesDILL
84.4%
Have a victory overBEAT
84.3%
A barrier or rampartWALL
83.8%
HealthyWELL
83.2%
Sean Penn biopic of 2008MILK
82.1%
___ d'oeuvre: appetizerHORS
80.5%
▼ MICHAEL who founded a PC company named for him ▼DELL
80.4%
Hint 4-Letter Word % Correct
▼ MICHAEL who directed 'Heat' and 'Collateral' ▼MANN
75.1%
▼ MICHAEL who is the former-dogfighter QB of the Eagles ▼VICK
74.4%
'Freak on a Leash' metal bandKORN
73.7%
Pro wrestler/actor JohnCENA
73.1%
Low, soft cries of a doveCOOS
73%
Zeus' wifeHERA
71.4%
Baby goatsKIDS
70.8%
Sonny Bono's singing partnerCHER
70.7%
Fish whose livers are used for oilsCODS
70%
▼ MICHAEL who is a famous fashion designer ▼KORS
69.3%
Immoral or wicked behaviorVICE
68.3%
Jewish circle danceHORA
67.3%
A 'masked' animal, for shortCOON
67.2%
▼ MICHAEL who acted in 'Arrested Development' and 'Superbad' ▼CERA
66.3%
Stewart, Steiger, and Carew, e.g.RODS
66.2%
Frees oneself of thingsRIDS
63.1%
Director Joel or Ethan of 'Fargo'COEN
59.2%
Having a friendly natureKIND
55.8%
Julie who hosts CBS' 'Big Brother'CHEN
55.6%
Collective word for cattleKINE
51%
▼ MICHAEL who choreographed for Astaire and Charisse ▼KIDD
47.2%
▼ MICHAEL who was the subject of 'The Blind Side' ▼OHER
36.5%
▼ MICHAEL who played Marc St. James on 'Ugly Betty' ▼URIE
14%

Today's Daily Dose

Missing Word
'80s Musicals

Word Ladder
Hereditary

Get the Picture
Food Names

From the Vault

Any Vowel Will Do

by gunthertoody

How confusing would our language be if all vowels were interchangeable?
Remove Ads.
Support Sporcle.
Get the best of Sporcle when you Go Orange. This ad-free experience offers more features, more stats, and more fun while also helping to support Sporcle. Thank you for becoming a member.

Show Comments

Extras

Top Quizzes Today


Score Distribution

Your Account Isn't Verified!

In order to create a playlist on Sporcle, you need to verify the email address you used during registration. Go to your Sporcle Settings to finish the process.

Report this User

Report this user for behavior that violates our Community Guidelines.

Details: